00482nam a22001697a 450000500170000001000150001702000260003203500140005803700090007208200090008110000240009024500760011425000060019026000260019627000710022230000190029320260529113853.0 aENG-148039 a9788184620306c200.00 aEN-132171 bDBAD aS21 aJaveri, Khorshed R. aThrough the Corridors of Justice and Other Stories/cKhorshed R. Javeri a1 aMumbaibImprintc2010 aIndustry Manor, Appasaheb Marathe Marg, PrabhadevibMumbaie400025 a96p.c21cm(pb)